[Event "Bhubaneswar SOA op 1st"]
[Site "Bhubaneswar"]
[Date "2024.01.28"]
[Round "1"]
[White "Das, Sayantan"]
[Black "Priyanka, K."]
[Result "1-0"]
[WhiteElo "2514"]
[BlackElo "2068"]
[PlyCount "147"]
[EventDate "2024.01.28"]
[EventType "swiss"]
[EventRounds "10"]
[EventCountry "IND"]
[SourceTitle "CB06_2024"]
[SourceDate "2024.02.07"]
[SourceVersion "1"]
[SourceVersionDate "2024.02.07"]
[SourceQuality "1"]

1. e4 e5 2. Nf3 Nc6 3. Bb5 a6 4. Ba4 d6 5. 0-0 Bd7 6. c4 g6 7. d4 Bg7 8. Bg5 f6 9. Be3 exd4 10. Nxd4 Nge7 11. Nc3 0-0 12. c5 Nxd4 13. Bxd4 Bxa4 14. Qxa4 Nc6 15. Qb3+ Rf7 16. Be3 dxc5 17. Bxc5 b6 18. Be3 Na5 19. Qc2 Nc4 20. Bf4 c6 21. Ne2 b5 22. b3 Na5 23. Rad1 Qe8 24. h4 f5 25. Ng3 fxe4 26. Bd2 Nb7 27. Nxe4 Re7 28. Rde1 Rc8 29. h5 c5 30. h6 Be5 31. Bc3 Qf8 32. Re3 Rce8 33. Rfe1 Nd6 34. Nxc5 Bxc3 35. Qxc3 Re5 36. Re4 Rxe4 37. Rxe4 Qxh6 38. Rxe8+ Nxe8 39. Nxa6 Qg5 40. Nc5 Qd5 41. Nd3 Nd6 42. a4 Ne4 43. Qc8+ Kf7 44. Qc7+ Kg8 45. Qb8+ Kf7 46. Qxb5 Qxb5 47. axb5 Ke6 48. Kh2 Kd5 49. Kh3 Nd6 50. b6 Kd4 51. Nb2 Kc3 52. Nc4 Nb7 53. Kg4 Kxb3 54. Ne5 Kb4 55. Kg5 Kb5 56. Kh6 Kxb6 57. Kxh7 Kc5 58. Kxg6 Kd5 59. Kf6 Nd6 60. f3 Ne8+ 61. Kf5 Ng7+ 62. Kg6 Ne8 63. Ng4 Nd6 64. Nf6+ Ke5 65. Nh5 Nf5 66. f4+ Ke4 67. g4 Ne3 68. f5 Kf3 69. g5 Kg4 70. Ng7 Nc4 71. Kf6 Nd6 72. g6 Kf4 73. Ne6+ Kg4 74. g7 1-0

[Event "Belgrade Serbia op"]
[Site "Belgrade"]
[Date "2023.07.24"]
[Round "9"]
[White "Raahul, VS."]
[Black "Priyanka, K."]
[Result "1-0"]
[WhiteElo "2319"]
[BlackElo "2143"]
[PlyCount "63"]
[EventDate "2023.07.16"]
[EventType "swiss"]
[EventRounds "9"]
[EventCountry "SRB"]
[SourceTitle "CBM 215 Extra"]
[Source "ChessBase"]
[SourceDate "2023.09.30"]
[SourceVersion "1"]
[SourceVersionDate "2023.09.30"]
[SourceQuality "1"]

1. d4 Nf6 2. Bf4 g6 3. Nc3 d5 4. e3 Bg7 5. h4 h5 6. Nf3 0-0 7. Ne5 c5 8. f3 cxd4 9. exd4 Nc6 10. Qd2 Nd7 11. Nxd5 Ndxe5 12. dxe5 Nxe5 13. 0-0-0 e6 14. Nc3 Qxd2+ 15. Rxd2 b6 16. Bb5 a6 17. Be2 Bb7 18. Re1 Rad8 19. Rxd8 Rxd8 20. Bf1 Nc6 21. Bc7 Rd4 22. Bxb6 Rxh4 23. Ne4 f5 24. Bf2 fxe4 25. Bxh4 exf3 26. Rxe6 Ne5 27. gxf3 Nxf3 28. Bf2 Kf7 29. Rb6 Bd5 30. c4 Be6 31. c5 Nd4 32. Rb7+ 1-0

[Event "Belgrade Serbia op"]
[Site "Belgrade"]
[Date "2023.07.23"]
[Round "8"]
[White "Priyanka, K."]
[Black "Heinemann, Josefine"]
[Result "1-0"]
[WhiteElo "2143"]
[BlackElo "2297"]
[PlyCount "119"]
[EventDate "2023.07.16"]
[EventType "swiss"]
[EventRounds "9"]
[EventCountry "SRB"]
[SourceTitle "EXT 2024"]
[Source "ChessBase"]
[SourceDate "2023.10.10"]
[SourceVersion "1"]
[SourceVersionDate "2023.10.10"]
[SourceQuality "1"]

1. e4 c5 2. Nf3 d6 3. Bb5+ Nd7 4. a4 Ngf6 5. Nc3 a6 6. Be2 b6 7. d4 cxd4 8. Qxd4 Bb7 9. 0-0 e5 10. Qe3 Be7 11. Rd1 0-0 12. Nd2 Qc7 13. Nc4 Rad8 14. b3 Nc5 15. Bf3 Nxa4 16. Nxa4 b5 17. Qb6 Qxb6 18. Ncxb6 bxa4 19. Rxa4 Nd7 20. Nxd7 Rxd7 21. Ba3 g6 22. c4 Rdd8 23. Rb4 Rb8 24. Rb6 Bd8 25. Rbxd6 Be7 26. Ra1 f5 27. exf5 Bxf3 28. gxf3 Rxf5 29. Rd3 Bxa3 30. Rxa3 Rb6 31. c5 Rc6 32. b4 Rf4 33. Rab3 Rd4 34. Kf1 Kf7 35. Rxd4 exd4 36. Rd3 a5 37. bxa5 Rxc5 38. Ra3 Re5 39. a6 d3 40. Rxd3 Ra5 41. Rd6 Ra2 42. Kg2 h5 43. Rb6 Kg7 44. Kg3 Ra4 45. f4 Ra3+ 46. Kg2 Kf7 47. h4 Kg7 48. f3 Ra4 49. Kg3 Kh7 50. Rb7+ Kh6 51. a7 Ra2 52. Rc7 Ra4 53. Kf2 Ra3 54. Ke2 Ra1 55. Kd3 Rd1+ 56. Ke4 Re1+ 57. Kd5 Re8 58. Kc6 g5 59. fxg5+ Kg6 60. Kb7 1-0

[Event "Paracin op 16th"]
[Site "Paracin"]
[Date "2023.07.08"]
[Round "3"]
[White "Priyanka, K."]
[Black "Leskovac, Nikola"]
[Result "1-0"]
[WhiteElo "2143"]
[BlackElo "2000"]
[PlyCount "49"]
[EventDate "2023.07.07"]
[EventType "swiss"]
[EventRounds "9"]
[EventCountry "SRB"]
[SourceTitle "EXT 2024"]
[Source "ChessBase"]
[SourceDate "2023.10.10"]
[SourceVersion "1"]
[SourceVersionDate "2023.10.10"]
[SourceQuality "1"]

1. e4 e6 2. d4 d5 3. Nc3 Nf6 4. Bg5 Bb4 5. e5 h6 6. Bc1 Ne4 7. Qg4 g5 8. a3 Bxc3+ 9. bxc3 c5 10. Bd3 h5 11. Qf3 g4 12. Qf4 Qa5 13. Ne2 cxd4 14. Bxe4 dxe4 15. Qxe4 Nd7 16. Bf4 d3 17. cxd3 Nc5 18. Qe3 b6 19. d4 Na4 20. Qe4 Rb8 21. Qc6+ Bd7 22. Qd6 Rc8 23. Bg5 f6 24. exf6 Qxg5 25. Qe7# 1-0

[Event "Veliko Gradiste Silver Lake op-A"]
[Site "Veliko Gradiste"]
[Date "2023.06.25"]
[Round "9"]
[White "Hemanth, Raam"]
[Black "Priyanka, K."]
[Result "0-1"]
[WhiteElo "2008"]
[BlackElo "2154"]
[PlyCount "78"]
[EventDate "2023.06.18"]
[EventType "swiss"]
[EventRounds "9"]
[EventCountry "SRB"]
[SourceTitle "CBM 215 Extra"]
[Source "ChessBase"]
[SourceDate "2023.09.30"]
[SourceVersion "1"]
[SourceVersionDate "2023.09.30"]
[SourceQuality "1"]

1. e4 c5 2. Nf3 d6 3. d4 cxd4 4. Nxd4 Nf6 5. Nc3 a6 6. Nb3 e6 7. g4 b5 8. Bg2 Bb7 9. a3 h6 10. Be3 Nbd7 11. f4 Rc8 12. 0-0 Nb6 13. g5 hxg5 14. fxg5 Nfd7 15. g6 f6 16. Na5 Ba8 17. Qg4 Qe7 18. Bh3 Nc5 19. Rae1 Nbd7 20. Nd5 exd5 21. exd5 Rc7 22. Bxc5 Ne5 23. Rxe5 Qxe5 24. Bb6 Rxh3 25. Qxh3 Qg5+ 26. Qg3 Qxg3+ 27. hxg3 Rxc2 28. Nc6 Bxc6 29. dxc6 Rxc6 30. Bd4 d5 31. Kf2 Bd6 32. Re1+ Kd7 33. Kf3 Rc4 34. Be3 d4 35. Bd2 Rc2 36. Bc1 Be5 37. b4 Rc3+ 38. Ke4 Ke6 39. g4 Rg3 0-1

[Event "Veliko Gradiste Silver Lake op-A"]
[Site "Veliko Gradiste"]
[Date "2023.06.24"]
[Round "8"]
[White "Priyanka, K."]
[Black "Geivondian, Arman"]
[Result "1/2-1/2"]
[WhiteElo "2154"]
[BlackElo "2378"]
[PlyCount "118"]
[EventDate "2023.06.18"]
[EventType "swiss"]
[EventRounds "9"]
[EventCountry "SRB"]
[SourceTitle "CBM 215 Extra"]
[Source "ChessBase"]
[SourceDate "2023.09.30"]
[SourceVersion "1"]
[SourceVersionDate "2023.09.30"]
[SourceQuality "1"]

1. e4 e5 2. Nf3 Nc6 3. Bb5 Bc5 4. 0-0 Nd4 5. Nxd4 Bxd4 6. c3 Bb6 7. d4 c6 8. Bc4 d6 9. dxe5 dxe5 10. Qxd8+ Bxd8 11. Nd2 Nf6 12. Nf3 Nd7 13. a4 a5 14. Be3 Bb6 15. Bxb6 Nxb6 16. Nxe5 f6 17. Bf7+ Ke7 18. Nc4 Ra6 19. Nxb6 Rxb6 20. Bc4 Rxb2 21. Rfe1 Rd8 22. e5 f5 23. Re3 f4 24. Re4 g5 25. e6 h6 26. Re5 Kf6 27. Rxa5 Rc2 28. Ra8 Rxc3 29. Be2 Ke7 30. Bg4 h5 31. Bxh5 Bxe6 32. Ra7 g4 33. Rxb7+ Kf6 34. Re1 Rc5 35. Rxe6+ Kxe6 36. Bxg4+ Kf6 37. h4 Rd4 38. Ra7 Rd2 39. h5 Rc1+ 40. Kh2 Rxf2 41. Bf3 Rd2 42. h6 Rd8 43. h7 Rc5 44. Rc7 Kg6 45. a5 Rxa5 46. Be4+ Kh6 47. Rxc6+ Kg7 48. Rc7+ Kh8 49. Rf7 Ra4 50. Bg6 Ra6 51. Be4 Re8 52. Bd3 Rd6 53. Bc2 Rc8 54. Be4 Rd4 55. Bg6 Rb4 56. Bf5 Rd8 57. Bg6 Rc4 58. Bf5 Rc5 59. Be4 Rc4 1/2-1/2

[Event "Veliko Gradiste Silver Lake op-A"]
[Site "Veliko Gradiste"]
[Date "2023.06.21"]
[Round "5"]
[White "Aadith, R."]
[Black "Priyanka, K."]
[Result "0-1"]
[WhiteElo "1797"]
[BlackElo "2154"]
[PlyCount "138"]
[EventDate "2023.06.18"]
[EventType "swiss"]
[EventRounds "9"]
[EventCountry "SRB"]
[SourceTitle "CBM 215 Extra"]
[Source "ChessBase"]
[SourceDate "2023.09.30"]
[SourceVersion "1"]
[SourceVersionDate "2023.09.30"]
[SourceQuality "1"]

1. e4 c5 2. Nf3 d6 3. g3 Nf6 4. d3 g6 5. Bg2 Bg7 6. 0-0 0-0 7. c3 Nc6 8. Re1 e5 9. h3 h6 10. d4 exd4 11. cxd4 cxd4 12. Nxd4 d5 13. Nxc6 bxc6 14. Qc2 Nxe4 15. Qxc6 Be6 16. Bxe4 Rc8 17. Qa4 dxe4 18. Nc3 Bxh3 19. Qxe4 Re8 20. Qxe8+ Qxe8 21. Rxe8+ Rxe8 22. Be3 a6 23. Rd1 Rb8 24. Rd2 h5 25. Na4 Rb4 26. b3 h4 27. Kh2 Bf5 28. Rd6 hxg3+ 29. fxg3 Re4 30. Bd2 Re2+ 31. Kg1 Be5 32. Rd8+ Kh7 33. Nc3 Rxd2 34. Rxd2 Bxc3 35. Rd1 a5 36. Kh2 Kg7 37. Rd6 Kh6 38. Rc6 Bb4 39. Ra6 Kg5 40. a3 Be1 41. Rc6 Be6 42. Rc1 Bf2 43. Rc2 Bd4 44. b4 axb4 45. axb4 Kg4 46. Rd2 Be5 47. Rd3 Bf5 48. Rb3 Be6 49. Re3 Kf5 50. b5 Bd4 51. Re1 Bc4 52. Rb1 Bb6 53. Rc1 Bd5 54. Re1 Be4 55. Ra1 Ke5 56. Ra6 Bc5 57. b6 Kd6 58. Ra7 Bd5 59. Ra6 Kc6 60. b7+ Kxb7 61. Rf6 Kc7 62. Ra6 Kd7 63. Kh3 Be6+ 64. g4 Ke7 65. Ra5 Bd6 66. Ra6 Be5 67. Kh4 Kf6 68. Ra5 Bc3 69. g5+ Kg7 0-1

[Event "Baku op"]
[Site "Baku"]
[Date "2023.05.05"]
[Round "2"]
[White "Lortkipanidze, Nodar"]
[Black "Priyanka, K."]
[Result "1-0"]
[WhiteElo "2406"]
[BlackElo "2192"]
[PlyCount "49"]
[EventDate "2023.05.04"]
[EventType "swiss"]
[EventRounds "9"]
[EventCountry "AZE"]
[SourceTitle "CBM 214 Extra"]
[Source "ChessBase"]
[SourceDate "2023.07.31"]
[SourceVersion "1"]
[SourceVersionDate "2023.07.31"]
[SourceQuality "1"]

1. c4 Nf6 2. Nc3 g6 3. g3 Bg7 4. Bg2 d6 5. Nf3 0-0 6. 0-0 c5 7. d4 Nc6 8. dxc5 dxc5 9. Be3 Be6 10. Qa4 Qb6 11. Qb5 Nd7 12. Ng5 Nd4 13. Bxd4 cxd4 14. Nxe6 Qxe6 15. Nd5 Rfc8 16. Qxb7 Rab8 17. Qxa7 Ra8 18. Nxe7+ Qxe7 19. Bxa8 Qxe2 20. Qxd7 Rxa8 21. c5 Qxb2 22. c6 Qb8 23. Rab1 Qc8 24. Rb7 Qxd7 25. Rxd7 1-0

[Event "IND-chT (Women)"]
[Site "Pollachi"]
[Date "2023.02.10"]
[Round "1.2"]
[White "Priyanka, K."]
[Black "Athira, AJ."]
[Result "1-0"]
[WhiteElo "2177"]
[BlackElo "1370"]
[PlyCount "117"]
[EventDate "2023.02.10"]
[EventType "team-swiss"]
[EventRounds "7"]
[EventCountry "IND"]
[SourceTitle "CBM 212 Extra"]
[Source "ChessBase"]
[SourceDate "2023.03.31"]
[SourceVersion "1"]
[SourceVersionDate "2023.03.31"]
[SourceQuality "1"]
[WhiteTeam "AAI (W)"]
[BlackTeam "Kerala (W)"]
[WhiteTeamCountry "IND"]
[BlackTeamCountry "IND"]

1. e4 c5 2. Nf3 e6 3. d4 cxd4 4. Nxd4 Nf6 5. Bd3 d6 6. 0-0 Be7 7. c4 0-0 8. Nc3 a6 9. Qe2 b6 10. f4 Bb7 11. Be3 Nbd7 12. b4 Rc8 13. Rac1 Re8 14. a3 a5 15. Ndb5 axb4 16. axb4 d5 17. cxd5 exd5 18. e5 Ne4 19. Na2 Rxc1 20. Rxc1 Qb8 21. Rc7 Nf8 22. Rc2 Nd7 23. Qg4 Nf8 24. Qd1 Ne6 25. Nd4 Nxd4 26. Bxd4 Rc8 27. Bxb6 Ba6 28. Be3 Rxc2 29. Qxc2 Bxd3 30. Qxd3 Qa8 31. Qb3 h6 32. Qb2 Qa4 33. Nc3 Nxc3 34. Qxc3 Bxb4 35. Qd4 Qb3 36. h3 Qc4 37. Qxc4 dxc4 38. Kf2 Kf8 39. Kf3 Ke7 40. Ke4 Kd7 41. Kd5 c3 42. Bc1 Kc7 43. g4 Kb6 44. f5 Kb5 45. Kd4 Ba5 46. Kd3 Kb4 47. h4 Kb3 48. g5 hxg5 49. hxg5 Bc7 50. e6 fxe6 51. fxe6 Bd8 52. Kd4 Be7 53. Kd5 Kc2 54. Bf4 Kb1 55. Kc6 c2 56. Kd7 Ba3 57. e7 Bxe7 58. Kxe7 c1Q 59. Bxc1 1-0

[Event "Rilton Cup 50th"]
[Site "Stockholm"]
[Date "2023.01.02"]
[Round "6"]
[White "Aditya, Mittal"]
[Black "Priyanka, K."]
[Result "1-0"]
[WhiteElo "2479"]
[BlackElo "2146"]
[PlyCount "107"]
[EventDate "2022.12.27"]
[EventType "swiss"]
[EventRounds "9"]
[EventCountry "SWE"]
[SourceTitle "CBM 212 Extra"]
[Source "ChessBase"]
[SourceDate "2023.03.31"]
[SourceVersion "1"]
[SourceVersionDate "2023.03.31"]
[SourceQuality "1"]

1. d4 Nf6 2. c4 c5 3. d5 b5 4. cxb5 a6 5. bxa6 g6 6. Nc3 Bg7 7. e4 0-0 8. a7 Rxa7 9. Nf3 e6 10. Be2 exd5 11. exd5 d6 12. 0-0 Na6 13. Nb5 Rd7 14. Bc4 Bb7 15. Qb3 Qa8 16. Rd1 Nb4 17. Bf4 Rfd8 18. Nc3 Ba6 19. a3 Bxc4 20. Qxc4 Qa6 21. Nd2 Qxc4 22. Nxc4 Nc2 23. Rac1 Nd4 24. b4 cxb4 25. axb4 Nh5 26. Bxd6 Rxd6 27. Nxd6 Rxd6 28. Ne4 Rd8 29. Rc4 Rxd5 30. Rc8+ Bf8 31. Kf1 f5 32. Ng5 Ng7 33. b5 h6 34. Nf3 Nge6 35. Nxd4 Nxd4 36. b6 Rb5 37. Rxd4 Rxb6 38. Rd7 Re6 39. h4 h5 40. Rb7 Rf6 41. Rcc7 Bh6 42. Ke2 f4 43. Kf3 Bf8 44. Rc8 Kh8 45. Rbb8 Kg7 46. Rxf8 Rxf8 47. Rxf8 Kxf8 48. Kxf4 Kf7 49. Kg5 Kg7 50. f4 Kh7 51. Kf6 Kh6 52. g3 Kh7 53. Kf7 Kh6 54. Kg8 1-0

[Event "Sitges Sunway op 9th"]
[Site "Sitges"]
[Date "2022.12.20"]
[Round "8"]
[White "Sarkar, Justin"]
[Black "Priyanka, K."]
[Result "1-0"]
[WhiteElo "2343"]
[BlackElo "2146"]
[PlyCount "57"]
[EventDate "2022.12.12"]
[EventType "swiss"]
[EventRounds "10"]
[EventCountry "ESP"]
[SourceTitle "CBM 211 Extra"]
[Source "ChessBase"]
[SourceDate "2023.01.31"]
[SourceVersion "1"]
[SourceVersionDate "2023.01.31"]
[SourceQuality "1"]

1. d4 Nf6 2. c4 g6 3. g3 Bg7 4. Bg2 d6 5. Nc3 0-0 6. Nf3 c6 7. e4 Nbd7 8. 0-0 e5 9. Re1 Qe7 10. h3 a6 11. Be3 b5 12. c5 dxc5 13. Nxe5 Nxe5 14. dxe5 Nd7 15. f4 Re8 16. Qd6 Qe6 17. Rad1 Ra7 18. Qxe6 fxe6 19. Rd6 Rc7 20. h4 Bf8 21. Red1 Bxd6 22. exd6 Ra7 23. e5 Bb7 24. Ne4 Raa8 25. Nxc5 Nxc5 26. Bxc5 Red8 27. d7 Kf7 28. Rd6 Ke7 29. Bh3 1-0

[Event "Benidorm op-A"]
[Site "Benidorm"]
[Date "2022.12.05"]
[Round "3"]
[White "Priyanka, K."]
[Black "Gavarrete, Nahun"]
[Result "1/2-1/2"]
[WhiteElo "2146"]
[BlackElo "2325"]
[PlyCount "60"]
[EventDate "2022.12.03"]
[EventType "swiss"]
[EventRounds "9"]
[EventCountry "ESP"]
[SourceTitle "CBM 211 Extra"]
[Source "ChessBase"]
[SourceDate "2023.01.31"]
[SourceVersion "1"]
[SourceVersionDate "2023.01.31"]
[SourceQuality "1"]

1. e4 c5 2. Nf3 e6 3. d4 cxd4 4. Nxd4 Nc6 5. Nc3 Qc7 6. Be3 a6 7. Qd2 Nf6 8. f4 Bb4 9. Bd3 Na5 10. a3 Bxc3 11. Qxc3 Qxc3+ 12. bxc3 d5 13. exd5 exd5 14. Nb3 Nc4 15. Bd4 Ne4 16. 0-0 0-0 17. Rfe1 f5 18. Bxc4 dxc4 19. Nc5 Re8 20. a4 Kf7 21. Rab1 b5 22. a5 Nxc5 23. Rxe8 Kxe8 24. Bxc5 Bb7 25. Rd1 Rd8 26. Rxd8+ Kxd8 27. Kf2 Kd7 28. g3 Kc6 29. Bf8 g6 30. Ke3 Kd5 1/2-1/2

[Event "Asian Continental Blitz op (Women) 19th"]
[Site "Delhi"]
[Date "2022.11.03"]
[Round "2"]
[White "Priyanka, K."]
[Black "Isha, Sharma"]
[Result "0-1"]
[WhiteElo "2168"]
[BlackElo "2234"]
[PlyCount "142"]
[EventDate "2022.11.03"]
[EventType "swiss (blitz)"]
[EventRounds "9"]
[EventCountry "IND"]
[SourceTitle "EXT 2024"]
[Source "ChessBase"]
[SourceDate "2023.10.10"]
[SourceVersion "1"]
[SourceVersionDate "2023.10.10"]
[SourceQuality "1"]

1. e4 e5 2. Nf3 Nc6 3. Bb5 a6 4. Ba4 Nf6 5. d3 b5 6. Bb3 g6 7. Nc3 Bg7 8. a3 0-0 9. Bg5 h6 10. Bh4 g5 11. Bg3 d6 12. Nd5 Ne7 13. Ne3 Be6 14. c3 Ng6 15. Nf5 Bxf5 16. exf5 Ne7 17. Nd2 Nxf5 18. Qf3 Nxg3 19. hxg3 d5 20. g4 Qd7 21. Bd1 e4 22. dxe4 dxe4 23. Qe3 Rfe8 24. Be2 Nxg4 25. Qh3 Nf6 26. 0-0-0 Qxh3 27. Rxh3 Rad8 28. Nf1 Rxd1+ 29. Bxd1 Nd5 30. Bc2 Nf4 31. Rg3 Ne2+ 32. Kd2 Nxg3 33. Nxg3 Be5 34. Nxe4 Bf4+ 35. Kd1 Kg7 36. g3 Be5 37. Nc5 Rd8+ 38. Ke2 Bd6 39. Nxa6 c5 40. b4 cxb4 41. axb4 Ra8 42. Nc5 Bxc5 43. bxc5 Rc8 44. Kd3 Rxc5 45. Kd4 Rc4+ 46. Kd3 f5 47. Bb3 Rc5 48. Kd4 Rc7 49. Bc2 Kf6 50. Bd3 Rd7+ 51. Ke3 f4+ 52. gxf4 gxf4+ 53. Ke2 Re7+ 54. Kf3 Rc7 55. Bxb5 Rxc3+ 56. Kxf4 Rb3 57. Be2 Rb4+ 58. Kg3 Kg5 59. Bf1 Rb3+ 60. f3 h5 61. Bg2 Rc3 62. Bf1 h4+ 63. Kg2 Kf4 64. Bb5 Rxf3 65. Kh2 Rg3 66. Bc4 Rc3 67. Bb5 Kg4 68. Bd7+ Kg5 69. Bh3 Rc2+ 70. Kh1 Kf4 71. Be6 Kg3 0-1

[Event "Asian Continental Blitz op (Women) 19th"]
[Site "Delhi"]
[Date "2022.11.03"]
[Round "7"]
[White "Priyanka, K."]
[Black "Ishvi, Aggarwal"]
[Result "0-1"]
[WhiteElo "2168"]
[BlackElo "1909"]
[PlyCount "76"]
[EventDate "2022.11.03"]
[EventType "swiss (blitz)"]
[EventRounds "9"]
[EventCountry "IND"]
[SourceTitle "EXT 2024"]
[Source "ChessBase"]
[SourceDate "2023.10.10"]
[SourceVersion "1"]
[SourceVersionDate "2023.10.10"]
[SourceQuality "1"]

1. e4 e5 2. Nf3 Nc6 3. Bb5 a6 4. Ba4 Nf6 5. d3 d6 6. c4 g6 7. Nc3 Bg7 8. Nd5 Bd7 9. Bg5 h6 10. Be3 Nxd5 11. cxd5 Ne7 12. Rc1 b5 13. Bb3 f5 14. Bd2 a5 15. a4 b4 16. Qc2 Rc8 17. Bc4 c6 18. dxc6 Bxc6 19. 0-0 d5 20. exd5 Bxd5 21. Qb3 0-0 22. Rfe1 Bxc4 23. Rxc4 Qd5 24. Qc2 e4 25. Nh4 exd3 26. Rxc8 dxc2 27. Rxc2 Nc6 28. Nf3 b3 29. Rcc1 Bxb2 30. Rb1 Bg7 31. Red1 Qf7 32. Rdc1 Nd4 33. Nxd4 Bxd4 34. Bxa5 b2 35. Rd1 Rc8 36. Rxd4 Rc1+ 37. Rd1 Rxb1 38. Rxb1 Qa2 0-1

[Event "Asian Continental op (Women) 19th"]
[Site "Delhi"]
[Date "2022.11.02"]
[Round "8"]
[White "Priyanka, K."]
[Black "Arpita, Mukherjee"]
[Result "0-1"]
[WhiteElo "2096"]
[BlackElo "2238"]
[PlyCount "120"]
[EventDate "2022.10.26"]
[EventType "swiss"]
[EventRounds "9"]
[EventCountry "IND"]
[SourceTitle "EXT 2024"]
[Source "ChessBase"]
[SourceDate "2023.10.10"]
[SourceVersion "1"]
[SourceVersionDate "2023.10.10"]
[SourceQuality "1"]

1. e4 c5 2. Nf3 Nc6 3. d4 cxd4 4. Nxd4 Nf6 5. Nc3 e5 6. Ndb5 d6 7. Bg5 a6 8. Na3 b5 9. Bxf6 gxf6 10. Nd5 f5 11. c3 Bg7 12. exf5 Bxf5 13. Nc2 0-0 14. Nce3 Be6 15. g4 Ne7 16. Bg2 Rc8 17. Qd3 Nxd5 18. Bxd5 Rc5 19. Be4 d5 20. Bxh7+ Kh8 21. Nf1 Bxg4 22. Rg1 Qh4 23. Rxg4 Qxg4 24. Bf5 e4 25. Qe3 d4 26. Bxg4 dxe3 27. Nxe3 f5 28. Bxf5 Rcxf5 29. Nxf5 Rxf5 30. Rd1 a5 31. Ke2 Kh7 32. Rd7 Kg6 33. Re7 Re5 34. Ra7 Bh6 35. Rxa5 Rd5 36. b3 Bg5 37. Ke1 Bd2+ 38. Ke2 Bxc3 39. Ra8 Kf5 40. Rf8+ Ke5 41. Ra8 b4 42. h4 Rd2+ 43. Ke3 Rd3+ 44. Ke2 Rh3 45. Re8+ Kd5 46. Rd8+ Kc6 47. Ra8 Rh1 48. Ke3 Re1+ 49. Kf4 Bd4 50. Rc8+ Kd7 51. Rc2 Bc3 52. h5 Ke6 53. h6 Kf6 54. h7 Kg7 55. f3 e3 56. Rh2 Kh8 57. Ke4 Bd2 58. f4 Rf1 59. Kd3 Rxf4 60. Ke2 Rf7 0-1

[Event "Asian Continental op (Women) 19th"]
[Site "Delhi"]
[Date "2022.10.28"]
[Round "3"]
[White "Shohradova, Lala"]
[Black "Priyanka, K."]
[Result "1-0"]
[WhiteElo "1856"]
[BlackElo "2096"]
[PlyCount "85"]
[EventDate "2022.10.26"]
[EventType "swiss"]
[EventRounds "9"]
[EventCountry "IND"]
[SourceTitle "EXT 2024"]
[Source "ChessBase"]
[SourceDate "2023.10.10"]
[SourceVersion "1"]
[SourceVersionDate "2023.10.10"]
[SourceQuality "1"]

1. d4 Nf6 2. c4 g6 3. g3 Bg7 4. Bg2 d6 5. Nc3 0-0 6. Nf3 c6 7. 0-0 Bf5 8. Ne1 e5 9. d5 c5 10. e4 Bd7 11. a4 Na6 12. Nd3 Ne8 13. f4 exf4 14. gxf4 Bd4+ 15. Kh1 Ng7 16. Ne2 Bg4 17. Bf3 Bh3 18. Re1 Bf6 19. e5 Bh4 20. Ng3 Bxg3 21. hxg3 h5 22. Bd2 Qd7 23. Nf2 Bf5 24. Bc3 Rfe8 25. Be4 Rad8 26. Bxf5 Qxf5 27. Ne4 Qh3+ 28. Kg1 h4 29. g4 Nb4 30. Ra3 Qd3 31. Nf6+ Kf8 32. Bxb4 Qxd1 33. Rxd1 cxb4 34. Rh3 dxe5 35. Rxh4 exf4 36. Rh8+ Ke7 37. Nxe8 Nxe8 38. Re1+ Kd7 39. Rh7 Kc8 40. Rxf7 g5 41. c5 Nc7 42. d6 Na6 43. Ree7 1-0

[Event "Asian Continental op (Women) 19th"]
[Site "Delhi"]
[Date "2022.10.27"]
[Round "2"]
[White "Priyanka, K."]
[Black "Sahajasri, Cholleti"]
[Result "0-1"]
[WhiteElo "2096"]
[BlackElo "2246"]
[PlyCount "176"]
[EventDate "2022.10.26"]
[EventType "swiss"]
[EventRounds "9"]
[EventCountry "IND"]
[SourceTitle "EXT 2024"]
[Source "ChessBase"]
[SourceDate "2023.10.10"]
[SourceVersion "1"]
[SourceVersionDate "2023.10.10"]
[SourceQuality "1"]

1. e4 c6 2. d3 d5 3. Nd2 e5 4. Ngf3 Bd6 5. d4 exd4 6. exd5 cxd5 7. Nxd4 a6 8. Be2 Nf6 9. 0-0 0-0 10. N2f3 h6 11. c3 Nc6 12. h3 Bc7 13. Be3 Re8 14. Re1 Qd6 15. Qd3 Nxd4 16. Qxd4 Bf5 17. Rad1 Be4 18. Qc5 Qd8 19. c4 Rc8 20. Qa3 Bd6 21. Qb3 b5 22. c5 Bxc5 23. Nd4 Qa5 24. Bd2 Qb6 25. Be3 Bg6 26. a4 Re4 27. Rc1 Rce8 28. Rxc5 Qxc5 29. Rc1 Qb6 30. Rd1 b4 31. Bf3 R4e5 32. a5 Qb7 33. Rc1 R5e7 34. Qa4 Bd3 35. Qc6 Qxc6 36. Rxc6 Rb7 37. Rd6 Rc8 38. Bxd5 Nxd5 39. Rxd5 b3 40. Rd6 Bc4 41. Rb6 Rxb6 42. axb6 Bd5 43. Nf5 Kf8 44. Nd6 Rb8 45. Bc5 Ke7 46. b7 Bxb7 47. Nxb7+ Ke6 48. Nd6 Rd8 49. Ne4 Kd5 50. Be7 Re8 51. Nc3+ Kc4 52. Ba3 Re1+ 53. Kh2 g6 54. Kg3 Kd3 55. Nd5 a5 56. Bf8 Kc2 57. Bg7 Rb1 58. Ne3+ Kd3 59. Kf3 a4 60. Ng4 Kd2 61. Ne3 h5 62. Nc4+ Kd3 63. Na3 Rc1 64. h4 Ra1 65. Nb5 Kc2 66. Nd4+ Kd3 67. Nb5 Rc1 68. g3 Rc5 69. Na3 Kd2 70. Bd4 Rf5+ 71. Ke4 Ke2 72. Nc4 Rb5 73. Na3 Rb4 74. Nb1 Kd1 75. Kd3 Kc1 76. Nc3 Kxb2 77. Nxa4+ Kc1 78. Nc3 Rb7 79. Na4 Rd7 80. Kc4 Kc2 81. Be5 Rd2 82. Bd4 f5 83. f3 Rd3 84. Be5 Rxf3 85. Kd5 Re3 86. Nb6 Rd3+ 87. Ke6 b2 88. Bxb2 Kxb2 0-1